| 000 | 01176cam a22003255a 4500 | ||
|---|---|---|---|
| 008 | 150816s2007 njua|||fr|||| 001 0 eng d | ||
| 010 | _a 2005058360 | ||
| 020 | _a0471457280 (cloth) | ||
| 020 | _a9780471457282 | ||
| 035 | _a(OCoLC)ocm62532755 | ||
| 040 |
_aEG-ScBUE _beng _cEG-ScBUE |
||
| 082 | 0 | 4 |
_a621.4022 _bFUN _222 |
| 245 | 0 | 0 |
_aFundamentals of heat and mass transfer / _cFrank P. Incropera...[et.al] |
| 250 | _a6th ed. | ||
| 260 |
_aHoboken : _bJohn Wiley, _cc.2007. |
||
| 300 |
_axxv, 997 p. : _bill. ; _c27 cm. |
||
| 500 | _aIndex : p. 985-997. | ||
| 590 | _adoaa mohamed | ||
| 650 | 0 |
_aHeat _xTransmission. _2BUEsh |
|
| 650 | 0 |
_aMass transfer. _2BUEsh |
|
| 651 | _2BUEsh | ||
| 653 | _bENGCHE | ||
| 700 | 1 | _aDewitt, David P. | |
| 700 | 1 | _aBergman, Theodore L. | |
| 700 | 1 | _aLavine, Adrienne S. | |
| 856 | 4 | 2 |
_3Publisher description _uhttp://www.loc.gov/catdir/enhancements/fy0626/2005058360-d.html |
| 856 | 4 | 2 |
_3Contributor biographical information _uhttp://www.loc.gov/catdir/enhancements/fy0643/2005058360-b.html |
| 856 | 4 | 2 |
_3Table of contents only _uhttp://www.loc.gov/catdir/enhancements/fy0643/2005058360-t.html |
| 942 |
_cBB _k621.4022INC _2ddc |
||
| 999 |
_c4841 _d4841 |
||